[Event "Lanaudiere"]
[Site "Repentigny CAN"]
[Date "2007.08.18"]
[Round "2"]
[White "Chevalier, Francois"]
[Black "Drolet, Stephane"]
[Result "0-1"]
[WhiteElo "1800"]
[BlackElo "2149"]
[PlyCount "80"]
[GameId "2160767910579839"]
[EventDate "2007.08.17"]
[EventType "swiss"]
[EventRounds "5"]
[EventCountry "CAN"]
[SourceTitle "EXT 2022"]
[Source "ChessBase"]
[SourceDate "2021.10.06"]
[SourceVersion "1"]
[SourceVersionDate "2021.10.06"]
[SourceQuality "1"]

1. d4 d5 2. c4 c6 3. cxd5 cxd5 4. Nf3 Nc6 5. Nc3 Nf6 6. Bf4 a6 7. e3 Bg4 8. Be2 Bxf3 9. Bxf3 e6 10. O-O Bd6 11. Bxd6 Qxd6 12. Rc1 O-O 13. Qd2 b5 14. Rfd1 Rac8 15. Be2 Nd7 16. e4 Nb6 17. e5 Qb8 18. Bf1 Nc4 19. Bxc4 bxc4 20. b3 cxb3 21. axb3 Qxb3 22. Ne2 Qb6 23. Rc3 a5 24. Rh3 f5 25. exf6 Rxf6 26. Qd3 g6 27. Qe3 Rcf8 28. Rf1 Ne7 29. g4 Nc8 30. f4 Nd6 31. Ng3 Nc4 32. Qd3 Rxf4 33. Rxf4 Rxf4 34. Ne2 Rxg4+ 35. Kf2 Nd6 36. Rxh7 Ne4+ 37. Kf1 Kxh7 38. Qh3+ Kg7 39. Qxg4 Qb1+ 40. Kg2 Qd1 0-1

[Event "Lanaudiere"]
[Site "Repentigny CAN"]
[Date "2007.08.18"]
[Round "2"]
[White "Jiang, Louie"]
[Black "Trottier, Yves"]
[Result "1-0"]
[WhiteElo "2173"]
[BlackElo "1995"]
[PlyCount "73"]
[GameId "2160767910579841"]
[EventDate "2007.08.17"]
[EventType "swiss"]
[EventRounds "5"]
[EventCountry "CAN"]
[SourceTitle "EXT 2022"]
[Source "ChessBase"]
[SourceDate "2021.10.06"]
[SourceVersion "1"]
[SourceVersionDate "2021.10.06"]
[SourceQuality "1"]

1. e4 e5 2. Nf3 Nf6 3. Nxe5 d6 4. Nf3 Nxe4 5. d4 d5 6. Bd3 Nc6 7. O-O Bg4 8. c3 f5 9. Re1 Be7 10. Nbd2 O-O 11. Nf1 Bh4 12. g3 Bg5 13. Be2 Bxc1 14. Qxc1 Qf6 15. Ne3 Rad8 16. Ng2 g5 17. Ne5 Nxe5 18. dxe5 Qb6 19. Qe3 Qxe3 20. Nxe3 Bxe2 21. Rxe2 g4 22. Rd1 c6 23. c4 d4 24. Nxf5 Ng5 25. Nh6+ Kg7 26. Nxg4 d3 27. Re3 d2 28. f4 Ne6 29. Nf6 Nd4 30. Kf2 Nc2 31. Re2 Nb4 32. Rexd2 Rxd2+ 33. Rxd2 Nxa2 34. Rd7+ Rf7 35. Ne8+ Kf8 36. Rxf7+ Kxf7 37. Nd6+ 1-0

[Event "Lanaudiere"]
[Site "Repentigny CAN"]
[Date "2007.08.18"]
[Round "2"]
[White "Le Duin, Thierry"]
[Black "Hua, Lefong"]
[Result "1/2-1/2"]
[WhiteElo "2065"]
[BlackElo "2333"]
[PlyCount "82"]
[GameId "2160767910579842"]
[EventDate "2007.08.17"]
[EventType "swiss"]
[EventRounds "5"]
[EventCountry "CAN"]
[SourceTitle "EXT 2022"]
[Source "ChessBase"]
[SourceDate "2021.10.06"]
[SourceVersion "1"]
[SourceVersionDate "2021.10.06"]
[SourceQuality "1"]

1. d4 Nf6 2. Nf3 c5 3. e3 g6 4. c3 b6 5. Nbd2 Bb7 6. Bc4 cxd4 7. exd4 Bg7 8. O-O O-O 9. Re1 d5 10. Bd3 e6 11. Ne5 Qc8 12. f4 Ba6 13. Bc2 Nc6 14. Ndf3 Ne8 15. a3 Nd6 16. Bd2 Na5 17. Rb1 Nac4 18. h3 Bb5 19. Nxc4 Nxc4 20. Ne5 a5 21. Kh2 Qc7 22. Bb3 Nd6 23. Bc2 Rfc8 24. Kg1 Be8 25. Bd3 b5 26. Qe2 Qb6 27. Qe3 Ra7 28. Rf1 Rac7 29. Rbe1 Nc4 30. Bxc4 dxc4 31. Kh2 Qd6 32. g4 Bc6 33. g5 Qd5 34. Rg1 Rd8 35. h4 b4 36. cxb4 Bxe5 37. Qxe5 Qxe5 38. Rxe5 axb4 39. Bxb4 Rxd4 40. Rf1 Bd5 41. Re3 Rb7 1/2-1/2

[Event "Lanaudiere"]
[Site "Repentigny CAN"]
[Date "2007.08.18"]
[Round "2"]
[White "Maharisoa, Tantely"]
[Black "Corriveau, Philippe"]
[Result "0-1"]
[WhiteElo "1529"]
[BlackElo "1977"]
[PlyCount "62"]
[GameId "2160767910579843"]
[EventDate "2007.08.17"]
[EventType "swiss"]
[EventRounds "5"]
[EventCountry "CAN"]
[SourceTitle "EXT 2022"]
[Source "ChessBase"]
[SourceDate "2021.10.06"]
[SourceVersion "1"]
[SourceVersionDate "2021.10.06"]
[SourceQuality "1"]

1. d4 Nf6 2. c4 g6 3. Nc3 Bg7 4. Nf3 O-O 5. e3 d6 6. Bd3 Nbd7 7. O-O e5 8. dxe5 dxe5 9. e4 c6 10. Be3 Qe7 11. Qe2 Ng4 12. Bg5 f6 13. Bd2 Rd8 14. h3 Nh6 15. Rfd1 Nf8 16. Be3 g5 17. Qd2 Nf7 18. Ne2 Ng6 19. Qc2 g4 20. hxg4 Bxg4 21. Nh2 Be6 22. Ng3 Bh6 23. Bxh6 Nxh6 24. Nh5 Rd4 25. Qe2 Rad8 26. b3 Kf7 27. Qf3 R4d7 28. g4 Rxd3 29. Rxd3 Rxd3 30. Qxd3 Nxg4 31. f3 Qc5+ 0-1

[Event "Lanaudiere"]
[Site "Repentigny CAN"]
[Date "2007.08.18"]
[Round "2"]
[White "Sauve, Richard"]
[Black "Papineau (Montreal), Daniel"]
[Result "1-0"]
[WhiteElo "2023"]
[BlackElo "1853"]
[PlyCount "71"]
[GameId "2160767910579844"]
[EventDate "2007.08.17"]
[EventType "swiss"]
[EventRounds "5"]
[EventCountry "CAN"]

1. d4 Nf6 2. c4 e6 3. Nc3 Bb4 4. Qc2 Nc6 5. Nf3 d6 6. e3 O-O 7. Bd2 e5 8. d5 Ne7 9. Bd3 Bg4 10. O-O-O c6 11. dxc6 bxc6 12. h3 Bxf3 13. gxf3 d5 14. Kb1 Rb8 15. Ka1 Qc7 16. Rdg1 Rb7 17. h4 Rfb8 18. h5 Kh8 19. Rg5 h6 20. Rg2 d4 21. Nd1 Bxd2 22. Qxd2 c5 23. Rhg1 Ne8 24. exd4 Ng8 25. d5 f6 26. Bc2 Nd6 27. Qd3 f5 28. Qc3 Qe7 29. Rxg7 Qxg7 30. Rxg7 Rxg7 31. Qxe5 Rb6 32. b3 Kh7 33. Ne3 Rg1+ 34. Kb2 Rg5 35. Kc3 Rxh5 36. Nxf5 1-0

[Event "Lanaudiere"]
[Site "Repentigny CAN"]
[Date "2007.08.18"]
[Round "3"]
[White "Corriveau, Philippe"]
[Black "Le Duin, Thierry"]
[Result "1-0"]
[WhiteElo "1977"]
[BlackElo "2065"]
[PlyCount "81"]
[GameId "2160767910579845"]
[EventDate "2007.08.17"]
[EventType "swiss"]
[EventRounds "5"]
[EventCountry "CAN"]
[SourceTitle "EXT 2022"]
[Source "ChessBase"]
[SourceDate "2021.10.06"]
[SourceVersion "1"]
[SourceVersionDate "2021.10.06"]
[SourceQuality "1"]

1. e4 d5 2. Nc3 Nf6 3. e5 Ne4 4. d3 Nxc3 5. bxc3 c5 6. g3 Nc6 7. f4 h6 8. Nf3 Bg4 9. Bg2 e6 10. O-O Be7 11. h3 Bh5 12. Qe1 Bg6 13. Be3 O-O 14. Bf2 Qa5 15. g4 Qa4 16. Qd2 d4 17. c4 Bd8 18. Nh4 Bh7 19. a3 Ba5 20. Qc1 Rab8 21. Bg3 Bc7 22. Rb1 Nd8 23. f5 f6 24. Rb5 exf5 25. Bd5+ Kh8 26. Nxf5 Bxf5 27. Rxf5 Qa6 28. Rxc5 Qb6 29. Rb5 Qa6 30. Rc5 Qb6 31. Rxc7 Qxc7 32. Bh2 Nc6 33. exf6 Qd7 34. Bxb8 Nxb8 35. fxg7+ Qxg7 36. Qf4 Nd7 37. Bxb7 Nf6 38. Bd5 h5 39. g5 Nh7 40. h4 Qe7 41. Qxd4+ 1-0

[Event "Lanaudiere"]
[Site "Repentigny CAN"]
[Date "2007.08.18"]
[Round "3"]
[White "Hua, Lefong"]
[Black "Jiang, Louie"]
[Result "1/2-1/2"]
[WhiteElo "2333"]
[BlackElo "2173"]
[PlyCount "63"]
[GameId "2160767910579847"]
[EventDate "2007.08.17"]
[EventType "swiss"]
[EventRounds "5"]
[EventCountry "CAN"]
[SourceTitle "EXT 2022"]
[Source "ChessBase"]
[SourceDate "2021.10.06"]
[SourceVersion "1"]
[SourceVersionDate "2021.10.06"]
[SourceQuality "1"]

1. d4 d5 2. c4 e6 3. Nc3 Nf6 4. cxd5 exd5 5. Bg5 Nbd7 6. e3 c6 7. Bd3 Be7 8. Qc2 O-O 9. Nf3 Re8 10. O-O Nf8 11. h3 g6 12. Bh6 Ne6 13. Ne5 Bf8 14. Bxf8 Rxf8 15. b4 Qe7 16. Rab1 Nd7 17. Nxd7 Bxd7 18. b5 Ng5 19. Rfe1 f5 20. bxc6 Bxc6 21. Bb5 Ne6 22. Bxc6 bxc6 23. Ne2 Rac8 24. Qa4 Qf7 25. Rb2 Rc7 26. Rc1 f4 27. Nxf4 Nxf4 28. exf4 Qxf4 29. Rxc6 Rxc6 30. Qxc6 Qxd4 31. Qe6+ Kh8 32. Re2 1/2-1/2

[Event "Lanaudiere"]
[Site "Repentigny CAN"]
[Date "2007.08.19"]
[Round "4"]
[White "Desjardins, Michel"]
[Black "Drolet, Stephane"]
[Result "1/2-1/2"]
[WhiteElo "1871"]
[BlackElo "2149"]
[PlyCount "76"]
[GameId "2160767910579851"]
[EventDate "2007.08.17"]
[EventType "swiss"]
[EventRounds "5"]
[EventCountry "CAN"]
[SourceTitle "EXT 2022"]
[Source "ChessBase"]
[SourceDate "2021.10.06"]
[SourceVersion "1"]
[SourceVersionDate "2021.10.06"]
[SourceQuality "1"]

1. e4 d5 2. exd5 Qxd5 3. Nc3 Qd6 4. d4 Nf6 5. Bc4 a6 6. Nf3 Bg4 7. O-O Nc6 8. Be3 e6 9. Qe2 Nb4 10. Rfd1 c6 11. Bb3 Be7 12. a3 Nbd5 13. Nxd5 cxd5 14. Ba4+ Nd7 15. h3 Bxf3 16. Qxf3 b5 17. Bb3 Nb6 18. a4 O-O 19. axb5 axb5 20. Bf4 Qc6 21. c3 Bd6 22. Bxd6 Qxd6 23. Bc2 Rxa1 24. Rxa1 Qd7 25. Bd3 Ra8 26. Rxa8+ Nxa8 27. Qe2 Nc7 28. Qc2 Qc6 29. Bxh7+ Kh8 30. Bd3 Ne8 31. Qe2 b4 32. Bb5 Qc8 33. Bxe8 Qxe8 34. cxb4 Qa4 35. Qd2 f6 36. f4 Kg8 37. Kh2 Kf7 38. Qc3 Qb5 1/2-1/2

[Event "Lanaudiere"]
[Site "Repentigny CAN"]
[Date "2007.08.19"]
[Round "4"]
[White "Giroux, Robert"]
[Black "Sauve, Richard"]
[Result "1/2-1/2"]
[WhiteElo "1807"]
[BlackElo "2023"]
[PlyCount "140"]
[GameId "2160767910579852"]
[EventDate "2007.08.17"]
[EventType "swiss"]
[EventRounds "5"]
[EventCountry "CAN"]
[SourceTitle "EXT 2022"]
[Source "ChessBase"]
[SourceDate "2021.10.06"]
[SourceVersion "1"]
[SourceVersionDate "2021.10.06"]
[SourceQuality "1"]

1. d4 e6 2. Nf3 d5 3. c4 c6 4. Nc3 dxc4 5. a4 Bb4 6. e3 b5 7. axb5 cxb5 8. Bd2 Bxc3 9. Bxc3 Qd5 10. Nd2 Nf6 11. Be2 Bb7 12. Bf3 Qd7 13. Bb4 Nc6 14. Bc5 Ne7 15. O-O O-O 16. b3 cxb3 17. e4 Rfc8 18. e5 Bxf3 19. Qxf3 Nfd5 20. Ne4 Nc6 21. Qxb3 a6 22. Qg3 Kh8 23. Rfd1 Rg8 24. Bd6 Nd8 25. Nc5 Qc6 26. Rdc1 Qb6 27. Rd1 Nb7 28. Nxb7 Qxb7 29. Bc5 a5 30. Qf3 b4 31. Ra4 Ra6 32. Rb1 Qd7 33. Rba1 Rb8 34. Rxa5 Rxa5 35. Rxa5 b3 36. Qxb3 Qc7 37. Rb5 Rxb5 38. Qxb5 h6 39. g3 Qd8 40. Qb7 Qe8 41. Qa6 Kh7 42. Qd3+ g6 43. h4 h5 44. Qd2 Qd8 45. Kh2 Kg7 46. Ba3 Kh7 47. Bc1 Qf8 48. f3 Qc8 49. Qh6+ Kg8 50. Ba3 Qd8 51. Bc5 Qb8 52. Kh3 Qd8 53. Qd2 Qa8 54. Kg2 Qd8 55. Kh3 Qb8 56. Qf2 Kg7 57. f4 Qb3 58. Kh2 Qd3 59. f5 Qxf5 60. Qxf5 gxf5 61. Kg2 f4 62. gxf4 Nxf4+ 63. Kf3 Nd5 64. Ba3 Kg6 65. Bc1 Kf5 66. Bg5 Nb4 67. Be7 Nd3 68. Bg5 Nb4 69. Be7 Nc6 70. Bc5 Na5 1/2-1/2

[Event "Lanaudiere"]
[Site "Repentigny CAN"]
[Date "2007.08.19"]
[Round "4"]
[White "Lemire-Paquin, Alexandre"]
[Black "Hua, Lefong"]
[Result "1/2-1/2"]
[WhiteElo "1974"]
[BlackElo "2333"]
[PlyCount "37"]
[GameId "2160767910579855"]
[EventDate "2007.08.17"]
[EventType "swiss"]
[EventRounds "5"]
[EventCountry "CAN"]
[SourceTitle "EXT 2022"]
[Source "ChessBase"]
[SourceDate "2021.10.06"]
[SourceVersion "1"]
[SourceVersionDate "2021.10.06"]
[SourceQuality "1"]

1. d4 Nf6 2. c4 c5 3. d5 e6 4. Nc3 exd5 5. cxd5 d6 6. Nf3 g6 7. g3 Bg7 8. Bg2 O-O 9. O-O a6 10. a4 Re8 11. Bf4 Ne4 12. Nxe4 Rxe4 13. Nd2 Rb4 14. Ne4 Bxb2 15. Ra2 f5 16. Nxd6 Rxf4 17. gxf4 Qxd6 18. Rxb2 b6 19. Qb3 1/2-1/2

[Event "Lanaudiere"]
[Site "Repentigny CAN"]
[Date "2007.08.19"]
[Round "4"]
[White "Paquin, Pierre"]
[Black "Forget, David"]
[Result "1-0"]
[WhiteElo "1652"]
[BlackElo "1938"]
[PlyCount "71"]
[GameId "2160767910579856"]
[EventDate "2007.08.17"]
[EventType "swiss"]
[EventRounds "5"]
[EventCountry "CAN"]
[SourceTitle "EXT 2022"]
[Source "ChessBase"]
[SourceDate "2021.10.06"]
[SourceVersion "1"]
[SourceVersionDate "2021.10.06"]
[SourceQuality "1"]

1. Nf3 d5 2. d4 c6 3. c4 dxc4 4. e4 b5 5. a4 e6 6. axb5 cxb5 7. Be2 Bb4+ 8. Nc3 Bb7 9. e5 Ne7 10. O-O a6 11. Qc2 O-O 12. Rd1 Nbc6 13. Be3 Bxc3 14. bxc3 Na5 15. Ng5 Ng6 16. Ne4 Nb3 17. Ra2 Bxe4 18. Qxe4 Ne7 19. Bg5 Qd5 20. Qg4 Qd7 21. Bf3 Ra7 22. Be4 Nd5 23. Qh3 f5 24. exf6 gxf6 25. Bh6 Rf7 26. Qg3+ Rg7 27. Bxg7 Qxg7 28. Qb8+ Qf8 29. Qxa7 f5 30. Bxd5 exd5 31. Rxa6 Qe8 32. Qa8 Kf8 33. Qxe8+ Kxe8 34. Ra7 Kd8 35. Re1 Nxd4 36. cxd4 1-0

[Event "Lanaudiere"]
[Site "Repentigny CAN"]
[Date "2007.08.19"]
[Round "4"]
[White "Pitre, Hanniegn"]
[Black "Chevalier, Francois"]
[Result "1/2-1/2"]
[WhiteElo "2041"]
[BlackElo "1800"]
[PlyCount "141"]
[GameId "2160767910579857"]
[EventDate "2007.08.17"]
[EventType "swiss"]
[EventRounds "5"]
[EventCountry "CAN"]
[SourceTitle "EXT 2022"]
[Source "ChessBase"]
[SourceDate "2021.10.06"]
[SourceVersion "1"]
[SourceVersionDate "2021.10.06"]
[SourceQuality "1"]

1. e4 c6 2. d4 d5 3. e5 Bf5 4. Nc3 e6 5. Nge2 c5 6. Ng3 Bg6 7. f4 cxd4 8. Nb5 Nc6 9. Nxd4 Nxd4 10. Qxd4 Ne7 11. Bb5+ Nc6 12. Bd2 a6 13. Bxc6+ bxc6 14. Qa4 Qd7 15. O-O-O Be7 16. h4 h6 17. h5 Bh7 18. Rhf1 O-O 19. Rf3 Rad8 20. Ba5 Rb8 21. Bc3 Rfd8 22. Rdf1 c5 23. Qxd7 Rxd7 24. f5 Bxf5 25. Nxf5 exf5 26. Rxf5 Bg5+ 27. Kb1 Re7 28. b3 d4 29. Be1 Re6 30. g4 Rb7 31. Bg3 Rd7 32. R1f3 Bd8 33. Rd3 Ba5 34. c4 Bc7 35. Kc2 Rde7 36. b4 Bxe5 37. Rxe5 Rxe5 38. Bxe5 Rxe5 39. bxc5 Rxc5 40. Rxd4 Kf8 41. Kc3 Rg5 42. Re4 f5 43. Rf4 Rxg4 44. Rxf5+ Ke7 45. Ra5 Rg5 46. Kb4 Kd7 47. a4 Kc7 48. Rxa6 Rxh5 49. Ra7+ Kb6 50. Rxg7 Rh1 51. a5+ Ka6 52. Rg6+ Ka7 53. Kb5 Rb1+ 54. Kc6 Ra1 55. Rxh6 Rxa5 56. Rh7+ Ka6 57. c5 Ra1 58. Rb7 Rh1 59. Rd7 Rc1 60. Rd5 Rh1 61. Kc7 Rc1 62. c6 Rh1 63. Rd2 Rh7+ 64. Rd7 Rh6 65. Rg7 Rh8 66. Kd7 Kb6 67. c7 Kb7 68. Re7 Rg8 69. Rh7 Rf8 70. Ke7 Rg8 71. Kd7 1/2-1/2

[Event "Lanaudiere"]
[Site "Repentigny CAN"]
[Date "2007.08.19"]
[Round "4"]
[White "Szalay, Karoly"]
[Black "Beauchamp, Pierre"]
[Result "1-0"]
[WhiteElo "1965"]
[BlackElo "2053"]
[PlyCount "47"]
[GameId "2160767910579858"]
[EventDate "2007.08.17"]
[EventType "swiss"]
[EventRounds "5"]
[EventCountry "CAN"]
[SourceTitle "EXT 2022"]
[Source "ChessBase"]
[SourceDate "2021.10.06"]
[SourceVersion "1"]
[SourceVersionDate "2021.10.06"]
[SourceQuality "1"]

1. e4 e6 2. d4 d5 3. Nd2 c5 4. exd5 exd5 5. Qe2+ Qe7 6. Ngf3 Nc6 7. dxc5 Qxe2+ 8. Bxe2 Bxc5 9. Nb3 Bb6 10. Bf4 Nf6 11. Bg3 Bf5 12. c3 O-O 13. O-O-O Rfe8 14. Rhe1 Rac8 15. Bh4 Ne4 16. Nfd4 Nxd4 17. Nxd4 Nxc3 18. Nxf5 Nxe2+ 19. Kb1 Bc5 20. Be7 Bxe7 21. Rxe2 Kf8 22. Nxe7 Rxe7 23. Rxe7 Kxe7 24. Rxd5 1-0

[Event "Lanaudiere"]
[Site "Repentigny CAN"]
[Date "2007.08.19"]
[Round "5"]
[White "Corriveau, Philippe"]
[Black "Drolet, Stephane"]
[Result "1/2-1/2"]
[WhiteElo "1977"]
[BlackElo "2149"]
[PlyCount "63"]
[GameId "2160767910579860"]
[EventDate "2007.08.17"]
[EventType "swiss"]
[EventRounds "5"]
[EventCountry "CAN"]
[SourceTitle "EXT 2022"]
[Source "ChessBase"]
[SourceDate "2021.10.06"]
[SourceVersion "1"]
[SourceVersionDate "2021.10.06"]
[SourceQuality "1"]

1. e4 Nc6 2. Nc3 e6 3. g3 Bc5 4. Bg2 Qf6 5. Nf3 g5 6. O-O h6 7. Na4 d6 8. Rb1 e5 9. Nxc5 dxc5 10. c3 Bg4 11. h3 Be6 12. b4 c4 13. d4 cxd3 14. Qxd3 Nge7 15. a4 Rd8 16. Qb5 Rb8 17. Be3 a6 18. Qe2 Ng6 19. Nd2 Rg8 20. Qf3 Qg7 21. Kh2 Nf4 22. gxf4 gxf4 23. Rg1 fxe3 24. Qxe3 Qf6 25. Bf3 Rg5 26. Rg3 Rxg3 27. fxg3 Rd8 28. Bg2 Qg5 29. Qxg5 hxg5 30. Rb2 Ne7 31. Bf1 Nc8 32. a5 1/2-1/2

[Event "Lanaudiere"]
[Site "Repentigny CAN"]
[Date "2007.08.19"]
[Round "5"]
[White "Hua, Lefong"]
[Black "Szalay, Karoly"]
[Result "1-0"]
[WhiteElo "2333"]
[BlackElo "1965"]
[PlyCount "49"]
[GameId "2160767910579862"]
[EventDate "2007.08.17"]
[EventType "swiss"]
[EventRounds "5"]
[EventCountry "CAN"]
[SourceTitle "EXT 2022"]
[Source "ChessBase"]
[SourceDate "2021.10.06"]
[SourceVersion "1"]
[SourceVersionDate "2021.10.06"]
[SourceQuality "1"]

1. d4 d5 2. c4 e6 3. Nc3 c6 4. e3 Nf6 5. Nf3 Nbd7 6. Qc2 Bd6 7. g4 dxc4 8. g5 Nd5 9. Bxc4 e5 10. Bd2 exd4 11. Qe4+ Qe7 12. Qxd4 Nb4 13. Qxg7 Be5 14. Nxe5 Qxe5 15. Qxf7+ Kd8 16. O-O-O Qxg5 17. Ne4 Qe5 18. Bxb4 Qxe4 19. Qf6+ Kc7 20. Bd6+ Kb6 21. Qxh8 Qxc4+ 22. Kb1 Nc5 23. Bxc5+ Qxc5 24. Qd4 Bf5+ 25. Ka1 1-0

[Event "Lanaudiere"]
[Site "Repentigny CAN"]
[Date "2007.08.19"]
[Round "5"]
[White "Jiang, Louie"]
[Black "Lemire-Paquin, Alexandre"]
[Result "1/2-1/2"]
[WhiteElo "2173"]
[BlackElo "1974"]
[PlyCount "100"]
[GameId "2160767910579863"]
[EventDate "2007.08.17"]
[EventType "swiss"]
[EventRounds "5"]
[EventCountry "CAN"]
[SourceTitle "EXT 2022"]
[Source "ChessBase"]
[SourceDate "2021.10.06"]
[SourceVersion "1"]
[SourceVersionDate "2021.10.06"]
[SourceQuality "1"]

1. e4 c5 2. Nf3 d6 3. d4 cxd4 4. Nxd4 Nf6 5. Nc3 g6 6. Be3 Bg7 7. f3 O-O 8. Qd2 Nc6 9. O-O-O Nxd4 10. Bxd4 Be6 11. Kb1 Qc7 12. g4 Rfc8 13. h4 Qa5 14. a3 Rab8 15. h5 b5 16. Nd5 Qxd2 17. Rxd2 Bxd5 18. exd5 Rc7 19. hxg6 hxg6 20. Rdh2 b4 21. a4 Rcc8 22. f4 Rc5 23. g5 Nh5 24. Bxc5 dxc5 25. Rxh5 gxh5 26. Rxh5 Bd4 27. Rh2 Kg7 28. Bc4 Rh8 29. Rxh8 Kxh8 30. f5 Kg7 31. Bd3 Be3 32. g6 fxg6 33. fxg6 c4 34. Bxc4 Kxg6 35. Ka2 Kf6 36. Kb3 Bc5 37. Bf1 e6 38. Kc4 Bd6 39. c3 bxc3 40. bxc3 exd5+ 41. Kxd5 Ke7 42. Kc6 Bf4 43. Bh3 Kd8 44. c4 Bg3 45. Bf5 Bf2 46. Bg4 Bg1 47. c5 Bf2 48. Be2 Bg1 49. Ba6 Bf2 50. Kd6 Bg3+ 1/2-1/2

[Event "Lanaudiere"]
[Site "Repentigny CAN"]
[Date "2007.08.19"]
[Round "5"]
[White "Papineau (Montreal), Daniel"]
[Black "Forget, Luc"]
[Result "1/2-1/2"]
[WhiteElo "1885"]
[BlackElo "1853"]
[PlyCount "60"]
[GameId "2160767910579865"]
[EventDate "2007.08.17"]
[EventType "swiss"]
[EventRounds "5"]
[EventCountry "CAN"]

1. d4 Nf6 2. c4 e6 3. Nc3 Bb4 4. Nf3 O-O 5. e3 d5 6. Bd3 c5 7. O-O Nc6 8. a3 Bxc3 9. bxc3 dxc4 10. Bxc4 Qc7 11. Bb5 b6 12. a4 Bb7 13. Ba3 Rfd8 14. Qc2 Ne7 15. Bd3 Ng6 16. Bxg6 hxg6 17. dxc5 bxc5 18. h3 Be4 19. Qa2 Rd5 20. Rfd1 Rad8 21. Rxd5 exd5 22. Nd2 g5 23. c4 d4 24. exd4 Rxd4 25. Re1 Bd3 26. Nf3 Bxc4 27. Qc2 Bd3 28. Qxc5 Qxc5 29. Bxc5 Rxa4 30. Nxg5 Ne4 1/2-1/2

[Event "Lanaudiere"]
[Site "Repentigny CAN"]
[Date "2007.08.19"]
[Round "5"]
[White "Picard, Jean"]
[Black "Giroux, Robert"]
[Result "1-0"]
[WhiteElo "2085"]
[BlackElo "1807"]
[PlyCount "69"]
[GameId "2160767910579866"]
[EventDate "2007.08.17"]
[EventType "swiss"]
[EventRounds "5"]
[EventCountry "CAN"]
[SourceTitle "EXT 2022"]
[Source "ChessBase"]
[SourceDate "2021.10.06"]
[SourceVersion "1"]
[SourceVersionDate "2021.10.06"]
[SourceQuality "1"]

1. e4 c5 2. d4 cxd4 3. c3 g6 4. cxd4 d5 5. exd5 Nf6 6. Bb5+ Nbd7 7. Nc3 Bg7 8. Qf3 O-O 9. Bc4 Nb6 10. Bb3 Bg4 11. Qf4 Qd7 12. f3 Bf5 13. g4 Bd3 14. d6 exd6 15. Be3 d5 16. O-O-O Bc4 17. h4 Bxb3 18. axb3 a5 19. h5 Rfc8 20. hxg6 fxg6 21. Nge2 a4 22. bxa4 Qxa4 23. Kd2 Nc4+ 24. Ke1 Qd7 25. Bc1 b5 26. Ng3 b4 27. Nce2 Rf8 28. g5 Nh5 29. Qh4 Nxg3 30. Qxg3 Rae8 31. Kf2 Nd6 32. Qh4 Bh8 33. Nf4 Nf5 34. Qh3 Nxd4 35. Qxd7 1-0

[Event "Ligue elite du dimanche"]
[Site "Montreal CAN"]
[Date "2007.09.09"]
[Round "1"]
[White "Charbonneau, Olivier"]
[Black "Luo, Zhao Yang"]
[Result "1-0"]
[WhiteElo "1276"]
[BlackElo "1093"]
[PlyCount "69"]
[GameId "2160767910579293"]
[EventDate "2007.09.09"]
[EventType "swiss"]
[EventRounds "5"]
[EventCountry "CAN"]
[SourceTitle "EXT 2022"]
[Source "ChessBase"]
[SourceDate "2021.10.06"]
[SourceVersion "1"]
[SourceVersionDate "2021.10.06"]
[SourceQuality "1"]

1. c4 c6 2. g3 g6 3. Bg2 Bg7 4. Nc3 e6 5. e4 Qc7 6. d4 d6 7. Be3 f5 8. exf5 exf5 9. Nge2 Be6 10. d5 Bf7 11. Qd2 Nf6 12. Bh6 O-O 13. Bxg7 Kxg7 14. O-O Nbd7 15. dxc6 bxc6 16. Rfd1 Ne8 17. Nd4 Ne5 18. b3 Qb6 19. f4 Ng4 20. Bxc6 Rc8 21. Bd5 Nef6 22. Na4 Qb8 23. Be6 Ne4 24. Qb2 Kg8 25. Bxc8 Qxc8 26. Rf1 Qb7 27. Rae1 Rb8 28. Qc2 Be8 29. Nc3 Qb6 30. Qd3 Bc6 31. Nxe4 Bxe4 32. Qd2 Ba8 33. h3 Qb7 34. Nf3 Qb6+ 35. Qd4 1-0

[Event "Ligue elite du dimanche"]
[Site "Montreal CAN"]
[Date "2007.09.09"]
[Round "1"]
[White "Deer, Dennis"]
[Black "Wu, Qiyou"]
[Result "0-1"]
[WhiteElo "1321"]
[BlackElo "1107"]
[PlyCount "110"]
[GameId "2160767910579294"]
[EventDate "2007.09.09"]
[EventType "swiss"]
[EventRounds "5"]
[EventCountry "CAN"]
[SourceTitle "EXT 2022"]
[Source "ChessBase"]
[SourceDate "2021.10.06"]
[SourceVersion "1"]
[SourceVersionDate "2021.10.06"]
[SourceQuality "1"]

1. d4 Nf6 2. c4 e6 3. Nc3 Bb4 4. e3 O-O 5. Bd3 d5 6. Nge2 c6 7. a3 Be7 8. O-O Nbd7 9. Qc2 a6 10. cxd5 exd5 11. Bd2 Re8 12. Rac1 Nf8 13. Ng3 Bd6 14. Rfe1 Qc7 15. e4 dxe4 16. Ncxe4 Nxe4 17. Bxe4 Bd7 18. Bb4 Bxb4 19. axb4 Qb6 20. Qc5 Qd8 21. Bf5 Be6 22. Rcd1 Bd5 23. Qc3 Qf6 24. Qd3 b5 25. Be4 Bxe4 26. Nxe4 Qg6 27. Nc5 Qxd3 28. Nxd3 Rxe1+ 29. Nxe1 Rd8 30. Nf3 Ne6 31. Kf1 f6 32. g3 Nc7 33. Ra1 Kf7 34. Ke2 Ke6 35. Kd3 Nd5 36. Nd2 Nxb4+ 37. Kc3 Nd5+ 38. Kb3 Nc7 39. Re1+ Kf7 40. Nf3 Re8 41. Kb4 Rxe1 42. Nxe1 Ne6 43. Nf3 Ke7 44. Ka5 Kd6 45. Kxa6 Kd5 46. Kb6 Ke4 47. Ne1 Nxd4 48. Kc5 f5 49. Kd6 b4 50. Kc5 b3 51. Kc4 g5 52. Kc3 h5 53. Nd3 Nf3 54. Nc5+ Kd5 55. Nxb3 Nxh2 0-1

[Event "Ligue elite du dimanche"]
[Site "Montreal CAN"]
[Date "2007.09.09"]
[Round "1"]
[White "Gauthier, Denis"]
[Black "Arsenault, Nicolas"]
[Result "1/2-1/2"]
[WhiteElo "1996"]
[BlackElo "2207"]
[PlyCount "66"]
[GameId "2160767910579295"]
[EventDate "2007.09.09"]
[EventType "swiss"]
[EventRounds "5"]
[EventCountry "CAN"]
[SourceTitle "EXT 2022"]
[Source "ChessBase"]
[SourceDate "2021.10.06"]
[SourceVersion "1"]
[SourceVersionDate "2021.10.06"]
[SourceQuality "1"]

1. d4 Nf6 2. c4 e6 3. Nf3 Bb4+ 4. Nbd2 O-O 5. a3 Be7 6. e4 d6 7. Bd3 Nbd7 8. O-O e5 9. d5 Nc5 10. Bc2 a5 11. b3 c6 12. Re1 cxd5 13. cxd5 b5 14. Nf1 Bd7 15. Bb2 Qb6 16. Ng3 Rfc8 17. h3 Bf8 18. Qd2 Rc7 19. Qe3 Rac8 20. Rec1 Qa6 21. Bd1 Ne8 22. Be2 a4 23. b4 Nb3 24. Rxc7 Rxc7 25. Rb1 g6 26. Bd3 Bg7 27. Rd1 Qc8 28. Qb6 Rb7 29. Qe3 Rc7 30. Qb6 Rb7 31. Qe3 f5 32. exf5 Bxf5 33. Nxf5 gxf5 1/2-1/2